[Event "AUTO-ADV-1595"]
[Site "http://www.queenalice.com/game.php?id=776935"]
[Date "2010.5.17"]
[Round "2"]
[White "gilgue30"]
[Black "oirritado"]
[Result "1-0"]
[WhiteElo "2035"]
[BlackElo "1752"]

1. e4 e5 2. Nf3 Nc6 3. Bc4 a6 4. O-O Bc5 5. d3 Nf6 6. Ng5 O-O 7. Nc3 h6 8. Nf3
Nd4 9. Nxe5 d6 10. Nf3 b5 11. Bb3 Nxb3 12. axb3 b4 13. Ne2 Bg4 14. Ng3 Nh5 15.
Nxh5 Bxh5 16. Be3 Bxe3 17. fxe3 1-0

[Event "Challenge"]
[Site "http://www.queenalice.com/game.php?id=787054"]
[Date "2010.6.8"]
[Round "-"]
[White "Maraz"]
[Black "oirritado"]
[Result "1-0"]
[WhiteElo "1424"]
[BlackElo "1790"]

1. e3 e5 2. Bc4 Bc5 3. Qf3 Nf6 4. Nc3 O-O 5. Ne4 Nxe4 6. Qxe4 d6 7. Bd3 g6 8. h4
d5 9. Qf3 e4 10. Bxe4 dxe4 11. Qxe4 Re8 12. Qc4 b6 13. b4 Be6 14. Qc3 Bd6 15.
Bb2 Nc6 16. Qg7# 1-0

[Event "QA-ANNIV-06"]
[Site "http://www.queenalice.com/game.php?id=791015"]
[Date "2010.6.16"]
[Round "1"]
[White "oirritado"]
[Black "jartuga99"]
[Result "1-0"]
[WhiteElo "1738"]
[BlackElo "2009"]

1. e4 c5 2. Bc4 e6 3. d3 a6 4. Nf3 b5 5. Bb3 d5 6. c4 dxe4 7. dxe4 Bb7 8. Qxd8+
Kxd8 9. Ng5 Nh6 10. Be3 Be7 11. O-O Nd7 12. Rd1 Kc7 13. Nc3 Bc6 14. Bf4+ Kb6 15.
a4 e5 16. axb5 exf4 17. bxc6 Nf6 18. Nd5+ Nxd5 19. Rxd5 1-0

[Event "Challenge"]
[Site "http://www.queenalice.com/game.php?id=792440"]
[Date "2010.6.19"]
[Round "-"]
[White "Maraz"]
[Black "oirritado"]
[Result "0-1"]
[WhiteElo "1423"]
[BlackElo "1734"]

1. e4 e5 2. Qf3 Nf6 3. Nh3 d6 4. d3 Bg4 5. Qg3 Nc6 6. Ng1 Nd4 7. Na3 Qd7 8. h3
Bh5 9. Be2 O-O-O 10. Bxh5 Nxh5 11. Qe3 Nf4 12. Qg3 d5 13. Nb5 Nxc2+ 14. Kd2 Nxa1
15. Nf3 f6 16. d4 Qxb5 17. Re1 Qd3# 0-1

[Event "Challenge"]
[Site "http://www.queenalice.com/game.php?id=792441"]
[Date "2010.6.19"]
[Round "-"]
[White "oirritado"]
[Black "Maraz"]
[Result "0-1"]
[WhiteElo "1747"]
[BlackElo "1374"]

1. e4 d5 2. exd5 Qxd5 3. Nc3 Qe6+ 4. Qe2 Qxe2+ 5. Bxe2 Nf6 6. Nb5 Na6 7. a3 c6
8. d4 cxb5 9. Bxb5+ Bd7 10. Bxa6 bxa6 11. Nf3 Rc8 12. c3 h5 13. h3 Ne4 14. O-O
g6 15. Re1 Nf6 16. Bg5 Nd5 17. Ne5 Ba4 18. c4 f6 19. Nxg6 Rg8 20. Nxf8 Kxf8 21.
Bh6+ Kf7 22. cxd5 Rcd8 23. Re6 Rxd5 24. Rae1 Bd7 0-1

[Event "AUTO-ADV-1652"]
[Site "http://www.queenalice.com/game.php?id=798506"]
[Date "2010.7.4"]
[Round "2"]
[White "oirritado"]
[Black "animis"]
[Result "0-1"]
[WhiteElo "1654"]
[BlackElo "1923"]

1. e4 e5 2. Nf3 Nc6 3. Bb5 a6 4. Bxc6 dxc6 5. d3 Bd6 6. Be3 Nf6 7. Nc3 Be6 8.
Ng5 Bg4 9. f3 Bh5 10. g4 Bg6 0-1

[Event "AUTO-ADV-1652"]
[Site "http://www.queenalice.com/game.php?id=798507"]
[Date "2010.7.4"]
[Round "2"]
[White "animis"]
[Black "oirritado"]
[Result "1-0"]
[WhiteElo "1928"]
[BlackElo "1649"]

1. d4 d5 2. Nf3 Bg4 3. Nc3 Bxf3 4. exf3 Nc6 5. Be3 e6 6. Bd3 Bd6 7. O-O Nf6 8.
Re1 O-O 9. Nb5 a6 10. Nxd6 Qxd6 11. a3 1-0

[Event "AUTO-ADV-1652"]
[Site "http://www.queenalice.com/game.php?id=798508"]
[Date "2010.7.4"]
[Round "2"]
[White "oirritado"]
[Black "Janivgm"]
[Result "0-1"]
[WhiteElo "1765"]
[BlackElo "1831"]

1. e4 e5 2. Nf3 Nc6 3. Bb5 d6 4. Bxc6+ bxc6 5. d3 Nf6 6. O-O Ba6 7. Nc3 d5 8.
Nxe5 d4 9. Na4 Qd6 10. Bf4 Qb4 11. b3 Bb5 12. a3 Qa5 13. b4 Qxa4 14. c4 dxc3 15.
Qxa4 Bxa4 0-1

[Event "AUTO-ADV-1652"]
[Site "http://www.queenalice.com/game.php?id=798509"]
[Date "2010.7.4"]
[Round "2"]
[White "Janivgm"]
[Black "oirritado"]
[Result "1-0"]
[WhiteElo "1877"]
[BlackElo "1691"]

1. e4 e5 2. Nf3 Nc6 3. Nc3 Bb4 4. Bc4 Bxc3 5. bxc3 d6 6. Bb5 Bd7 7. Bxc6 Bxc6 8.
Qe2 Nf6 9. d3 O-O 10. Ba3 Qd7 11. c4 a6 12. Nxe5 Qe8 13. Nxc6 Qxc6 14. Bb2 Nd7
15. Qe3 Qa4 16. Qe2 Rfe8 17. Qg4 1-0

[Event "Let's Play Chess!"]
[Site "http://www.queenalice.com/game.php?id=1037823"]
[Date "2012.3.10"]
[Round "-"]
[White "oirritado"]
[Black "spawnwolfwolverine"]
[Result "0-1"]
[WhiteElo "1631"]
[BlackElo "1729"]

1. e4 e5 2. Nf3 d6 3. Bc4 Bg4 4. Nc3 Nc6 5. d3 g6 6. h3 Bxf3 7. Qxf3 Qf6 8. Qg3
Bg7 9. Bg5 Nd4 10. Bxf6 Bxf6 11. O-O Nxc2 12. Rac1 Nd4 13. Nd5 Ne2+ 14. Kh1
Nxg3+ 15. fxg3 c6 16. Nc7+ Ke7 17. Nxa8 Nh6 18. Nc7 Kd7 19. Rxf6 Kxc7 20. Bxf7
Nxf7 21. Rxf7+ Kb6 22. Rcf1 d5 23. Rf8 Rxf8 24. Rxf8 dxe4 25. dxe4 a5 26. Re8 h5
27. Rxe5 a4 28. Rg5 a3 29. bxa3 c5 30. e5 c4 31. Rxg6+ Kb5 32. Rd6 c3 33. Rd1
Kc4 34. e6 c2 35. Rc1 Kc3 36. e7 Kb2 37. Rxc2+ Kxc2 38. e8=Q Kb2 39. Qf7 b5 40.
Qb3+ Kc1 41. Qxb5 h4 42. g4 Kd1 43. g5 Ke1 44. g6 Kf2 45. g7 Ke3 46. g8=Q Ke4
47. Qbe8+ Kd3 48. Qd5+ Kc3 0-1

[Event "AUTO-ADV-2436"]
[Site "http://www.queenalice.com/game.php?id=1038219"]
[Date "2012.3.12"]
[Round "1"]
[White "oirritado"]
[Black "nemeth"]
[Result "1-0"]
[WhiteElo "1635"]
[BlackElo "2125"]

1. e4 c5 2. Bc4 e6 3. d3 d5 4. exd5 exd5 5. Bb5+ Bd7 6. Bxd7+ Nxd7 7. Qe2+ Be7
8. Nf3 Ngf6 9. Bf4 O-O 10. O-O Re8 11. Nc3 Bf8 12. Qd2 a6 13. Rfe1 b5 14. Rxe8
Qxe8 15. Re1 Qc8 16. a3 Nb6 17. Re2 Qf5 18. b4 cxb4 19. axb4 Bxb4 20. Bg5 Rc8
21. Re5 Qd7 22. Bxf6 gxf6 23. Rh5 Bxc3 24. Qh6 f5 25. Rg5+ Kh8 26. d4 Qe6 27.
Qg7# 1-0

[Event "AUTO-ADV-2436"]
[Site "http://www.queenalice.com/game.php?id=1038220"]
[Date "2012.3.12"]
[Round "1"]
[White "nemeth"]
[Black "oirritado"]
[Result "1-0"]
[WhiteElo "2124"]
[BlackElo "1637"]

1. e4 e5 2. Nc3 Bc5 3. Bc4 d6 4. f4 Bxg1 5. Rxg1 Qh4+ 6. Kf1 Bg4 7. Qe1 Qxh2 8.
d4 Qxf4+ 9. Bxf4 exf4 10. Qh4 Nf6 11. e5 Be6 12. Bxe6 g5 13. Qxg5 fxe6 14. Qxf6
Rf8 15. Qxe6+ Kd8 16. Nd5 Re8 17. Qxe8+ Kxe8 18. Nxc7+ Kd7 19. Nxa8 dxe5 20.
dxe5 Nc6 21. Rd1+ Kc8 22. e6 Kb8 23. e7 Nxe7 24. Rd8+ Nc8 25. Rh1 a6 26. Rxh7
Kxa8 27. Rxc8+ Ka7 28. Rcc7 1-0

[Event "AUTO-ADV-2436"]
[Site "http://www.queenalice.com/game.php?id=1038221"]
[Date "2012.3.12"]
[Round "1"]
[White "oirritado"]
[Black "clovis"]
[Result "0-1"]
[WhiteElo "1665"]
[BlackElo "1908"]

1. e4 e5 2. Nf3 Nc6 3. Bc4 Nf6 4. d3 Bc5 5. Nc3 d6 6. O-O Bg4 7. h3 Bh5 8. g4
Nxg4 9. hxg4 Bxg4 10. Bxf7+ Kxf7 11. Ng5+ Qxg5 12. Bxg5 Bxd1 13. Raxd1 Nd4 14.
Be3 Nxc2 15. Bxc5 dxc5 16. Rc1 Nd4 17. f3 c6 18. f4 Ke6 19. f5+ Ke7 20. Rf2 Rad8
21. Rcf1 Nb5 22. f6+ gxf6 23. Rxf6 Rhf8 24. Rh6 Rxf1+ 25. Kxf1 Nxc3 26. bxc3
Rxd3 27. Rxh7+ Kd6 28. a4 Rxc3 29. Rh6+ Kc7 30. a5 Rc4 31. Rh7+ Kd6 32. Rh6+ Ke7
33. Rh7+ Kf6 34. Rxb7 Rxe4 35. Rxa7 Ke6 36. a6 Ra4 37. Ra8 Kd5 38. Ke2 Kd4 39.
a7 Ra2+ 40. Kd1 Kc3 41. Ke1 c4 42. Kd1 e4 43. Kc1 Ra1# 0-1

[Event "AUTO-ADV-2436"]
[Site "http://www.queenalice.com/game.php?id=1038222"]
[Date "2012.3.12"]
[Round "1"]
[White "clovis"]
[Black "oirritado"]
[Result "1-0"]
[WhiteElo "1855"]
[BlackElo "1659"]

1. e4 e5 2. Nf3 Nc6 3. d4 d6 4. dxe5 dxe5 5. Qxd8+ Kxd8 6. Bb5 Nge7 7. Nc3 Bd7
8. Bg5 f6 9. Bh4 a6 10. Ba4 Ng6 11. O-O-O Nf4 12. Bxc6 bxc6 13. Nxe5 Bd6 14.
Nf7+ Ke7 15. Nxh8 Nxg2 16. Bg3 Bg4 17. Bxd6+ cxd6 18. Rd3 Nf4 19. Rg3 f5 20.
exf5 Rxh8 21. Rxg4 Nh3 22. Rxg7+ Kf6 23. Rd7 d5 24. Rd6+ Kxf5 25. Rxc6 d4 26.
Ne2 Rd8 27. Rd1 d3 28. Rxd3 Rxd3 29. cxd3 Nxf2 30. Rxa6 Nxd3+ 31. Kb1 Kg5 32.
Rd6 Nf2 33. a4 h5 34. a5 Ne4 35. Rd5+ Kg6 36. a6 Nf6 37. Rd6 Kg5 38. a7 Ne8 39.
Rd7 Nf6 40. Rf7 Kg6 41. Rxf6+ Kxf6 42. a8=Q Kg5 43. Qd5+ Kg4 44. Qe4+ Kg5 45.
Qe5+ Kg4 46. Qf4+ 1-0

[Event "AUTO-ADV-2436"]
[Site "http://www.queenalice.com/game.php?id=1038223"]
[Date "2012.3.12"]
[Round "1"]
[White "oirritado"]
[Black "carloswecker"]
[Result "0-1"]
[WhiteElo "1642"]
[BlackElo "1909"]

1. e4 c5 2. Nc3 Nc6 3. Nf3 g6 4. Bc4 e6 5. d3 Bg7 6. Bg5 Nge7 7. Bxe7 Qxe7 8.
Nb5 d6 9. O-O a6 10. Nc3 b5 11. Bb3 Na5 12. a4 b4 13. Ne2 Nxb3 14. cxb3 Bxb2 15.
Ra2 Bg7 16. Nf4 O-O 17. d4 cxd4 18. Nxd4 Bb7 19. Nd3 Bxd4 20. e5 dxe5 21. Re2
Qg5 22. g3 Qh5 23. Rxe5 Bxe5 24. Qxh5 gxh5 25. Nxe5 Rfd8 26. Rc1 a5 27. h4 Rac8
28. Nc4 Bd5 29. Kh2 Bxc4 30. bxc4 Rd3 31. Re1 Rxc4 32. Re5 Rd5 33. Re3 Rc3 34.
Re4 Ra3 35. Rc4 Rxa4 36. Rc8+ Kg7 37. Rc4 Ra2 38. Kg2 Rf5 39. Rf4 Rxf4 40. gxf4
b3 41. Kf3 b2 0-1

[Event "AUTO-ADV-2436"]
[Site "http://www.queenalice.com/game.php?id=1038224"]
[Date "2012.3.12"]
[Round "1"]
[White "carloswecker"]
[Black "oirritado"]
[Result "1-0"]
[WhiteElo "2027"]
[BlackElo "1644"]

1. d4 d5 2. c4 Bf5 3. Nc3 Nf6 4. e3 e6 5. Nf3 Nc6 6. cxd5 exd5 7. Be2 Bd6 8. O-O
Ne4 9. Nxe4 Bxe4 10. Nd2 Qe7 11. Nxe4 dxe4 12. Bb5 O-O 13. a3 a6 14. Ba4 b5 15.
Bc2 Na5 16. b3 c5 17. dxc5 Qe5 18. Qxd6 Qxa1 19. Bd2 Nb7 20. Qxf8+ Rxf8 21. Rxa1
Nxc5 22. Bb4 Rc8 23. Bxc5 Rxc5 24. Bxe4 f5 25. Bb7 a5 26. g3 Rc3 27. Rd1 Rxb3
28. Bd5+ 1-0

[Event "Challenge"]
[Site "http://www.queenalice.com/game.php?id=1044979"]
[Date "2012.4.1"]
[Round "-"]
[White "stephane8cr"]
[Black "oirritado"]
[Result "1-0"]
[WhiteElo "1661"]
[BlackElo "1612"]

1. e4 e5 2. Nf3 Nc6 3. Bb5 Bc5 4. O-O Nf6 5. Bxc6 dxc6 6. Nc3 O-O 7. Nxe5 Re8 8.
Nf3 Nxe4 9. Nxe4 Rxe4 10. d3 Re7 11. Re1 Bg4 12. Be3 Bd6 13. h3 Bxf3 14. Qxf3
Qe8 15. Kf1 Qd7 16. Bf4 Rae8 17. Rxe7 Rxe7 18. Re1 Rxe1+ 19. Kxe1 Qe6+ 20. Be3
Qxa2 21. Qg4 Qa5+ 22. Bd2 Qe5+ 23. Be3 f5 24. Qh4 Be7 25. Qc4+ Kh8 26. Qf7 Qf6
27. Qe8+ Bf8 28. Qb8 Kg8 29. Qxb7 a5 30. c3 f4 31. Bd4 Qd6 32. Qa7 Qe6+ 33. Kd2
c5 34. Bxc5 Bxc5 35. Qxc5 Qb6 36. Qxb6 1-0

[Event "AUTO-ADV-2503"]
[Site "http://www.queenalice.com/game.php?id=1059269"]
[Date "2012.5.13"]
[Round "1"]
[White "plot24"]
[Black "oirritado"]
[Result "1/2-1/2"]
[WhiteElo "1873"]
[BlackElo "1651"]

1. d4 d5 2. e3 Nf6 3. Nc3 Bf5 4. Nf3 e6 5. Bd3 Bd6 6. Ne2 Nc6 7. Bb5 Qd7 8. Ng3
a6 9. Bd3 Nb4 10. Bxf5 Bxg3 11. Bh3 Qc6 12. c3 Bxf2+ 13. Kxf2 Ne4+ 14. Kg1 Qc4
15. cxb4 Qxb4 16. Nd2 Ng5 17. Qb3 Qe7 18. Bg4 b5 19. h3 O-O 20. a4 Qd6 21. axb5
axb5 22. Rxa8 Rxa8 23. Qxb5 Qg3 24. Nb3 h5 25. Bxh5 Ne4 26. Qd7 Qf2+ 27. Kh2
Qg3+ 28. Kg1 Qf2+ 29. Kh2 1/2-1/2

[Event "AUTO-ADV-2503"]
[Site "http://www.queenalice.com/game.php?id=1059270"]
[Date "2012.5.13"]
[Round "1"]
[White "oirritado"]
[Black "plot24"]
[Result "0-1"]
[WhiteElo "1660"]
[BlackElo "1864"]

1. e4 e5 2. Nf3 Nc6 3. Bc4 Be7 4. d3 Nf6 5. Nc3 O-O 6. O-O d6 7. Be3 Na5 8. b4
Nxc4 9. dxc4 c6 10. Na4 Nxe4 11. b5 Bg4 12. h3 Bh5 13. b6 c5 14. Qd5 Bxf3 15.
gxf3 axb6 16. Qxb7 Nf6 17. Rab1 Rxa4 18. Rxb6 Rxa2 19. Rfb1 Rxc2 20. Rc6 Rxc4
21. Rc7 Re8 22. Qb8 Qxb8 23. Rxb8 Rxb8 24. Rxe7 Nd5 25. Rd7 Nxe3 26. Rxd6 Nf5
27. Rd5 Nh4 28. Rd3 f5 29. Rd5 Nxf3+ 30. Kg2 Rc3 0-1

[Event "AUTO-ADV-2503"]
[Site "http://www.queenalice.com/game.php?id=1059283"]
[Date "2012.5.13"]
[Round "1"]
[White "alexsandrob3478"]
[Black "oirritado"]
[Result "1-0"]
[WhiteElo "1817"]
[BlackElo "1640"]

1. d4 d5 2. c4 dxc4 3. Nc3 Nf6 4. Nf3 Bf5 5. e3 Bd3 6. Bxd3 cxd3 7. Qxd3 Nc6 8.
Qb5 Rb8 9. Ne5 Nd7 10. Nxc6 bxc6 11. Qxc6 Rb6 12. Qa4 Qb8 13. O-O e5 14. dxe5
Rb4 15. Qc6 Rb6 16. Qe4 Nc5 17. Qc2 Qd8 18. Na4 Rc6 19. Nxc5 Rxc5 20. Qa4+ c6
21. Qxa7 Rd5 22. Qa4 Qc7 23. Qe4 Rxe5 24. Qa4 Ra5 25. Qe4+ 1-0

[Event "AUTO-ADV-2503"]
[Site "http://www.queenalice.com/game.php?id=1059284"]
[Date "2012.5.13"]
[Round "1"]
[White "oirritado"]
[Black "alexsandrob3478"]
[Result "0-1"]
[WhiteElo "1619"]
[BlackElo "1849"]

1. e4 c5 2. Nf3 d6 3. Bc4 Nc6 4. d3 g6 5. Bxf7+ Kxf7 6. Ng5+ Kg7 7. Nc3 Nf6 8.
Nd5 e6 9. Nxf6 Qxf6 10. Qf3 Qxf3 11. Nxf3 Be7 12. O-O Nb4 13. Ne1 Rf8 14. a3 Nc6
15. Nf3 Bf6 16. c3 Ne5 17. Nxe5 Bxe5 18. Bg5 Bf6 19. Bf4 e5 20. Be3 b6 21. f4
Ba6 22. Rad1 Rae8 23. fxe5 Bxe5 24. Rxf8 Rxf8 25. d4 Bf6 26. Bf4 cxd4 0-1

[Event "AUTO-ADV-2503"]
[Site "http://www.queenalice.com/game.php?id=1059293"]
[Date "2012.5.13"]
[Round "1"]
[White "oirritado"]
[Black "jpolgar99"]
[Result "0-1"]
[WhiteElo "1652"]
[BlackElo "1889"]

1. e4 c6 2. Bc4 d5 3. exd5 cxd5 4. Bb5+ Bd7 5. Nc3 e6 6. d4 Nf6 7. Nf3 a6 8.
Bxd7+ Qxd7 9. Ne5 Qc7 10. Bf4 Bd6 11. Qe2 Nbd7 12. O-O O-O 13. Rfe1 b5 14. Nxd7
Qxd7 15. Bxd6 Qxd6 16. Qe5 Qxe5 17. Rxe5 Rac8 18. Rc1 Rc6 19. Ne2 b4 20. Nf4
Rfc8 21. Re2 a5 22. b3 Ne4 23. Nd3 Nc3 24. Rd2 Nxa2 25. Ra1 Rxc2 26. Rxa2 Rc1+
0-1

[Event "AUTO-ADV-2503"]
[Site "http://www.queenalice.com/game.php?id=1059294"]
[Date "2012.5.13"]
[Round "1"]
[White "jpolgar99"]
[Black "oirritado"]
[Result "1-0"]
[WhiteElo "1919"]
[BlackElo "1645"]

1. e4 e5 2. Nf3 Nc6 3. Bb5 a6 4. Ba4 Nf6 5. O-O Nxe4 6. d4 b5 7. Bb3 d6 8. dxe5
Bg4 9. Bd5 Qd7 10. Bxe4 O-O-O 11. Qd5 Be6 12. Qxc6 Qxc6 13. Bxc6 h6 14. exd6
Rxd6 15. Be4 Bd5 16. Bxd5 Rxd5 17. Be3 Bc5 18. Bxc5 Rxc5 19. c3 Re8 20. Nbd2 g5
21. Rfe1 Rd8 22. h3 f6 23. Ne4 Rc6 24. Rad1 Rxd1 25. Rxd1 f5 26. Nexg5 hxg5 27.
Nxg5 f4 28. f3 Rc5 29. Ne6 1-0